Statistics for General Knowledge Quiz #191

Click here to take the quiz!

General Stats

  • This quiz has been taken 44,715 times
    (28,816 since last reset)
  • The average score is 13 of 20

Answer Stats

QuestionAnswer% Correct
What country did the conquistadors come from?Spain or Portugal
92%
What originally had 13 stars but now has 50?The American Flag
92%
What fairy tale character slept for 100 years before being awakened by a handsome prince?
Sleeping Beauty
90%
When Isaac Newton published his laws of motion and gravity, what language did he write in?
Latin
86%
Endnotes appear at the end of a book. What do you call notes that appear at the bottom of a page?{Foot}notes
81%
What are the five sports that have been featured in every modern Summer Olympics?Swimming
75%
What place has only been visited by 12 people, most recently in 1972?The Moon
72%
What layer of the atmosphere absorbs most of the sun's UV radiation?Ozone Layer
71%
What city's police force is led by Commissioner Gordon?Gotham City
70%
What are the five sports that have been featured in every modern Summer Olympics?Athletics
66%
What movie, starring Jamie Lee-Curtis, features a villain named Michael Myers?Halloween
63%
What food is known as "arroz" in Spanish?Rice
60%
At 5,068 meters (16,627 ft) above sea level, the Tanggula railway station is the highest in the world. In what country is it located?China
55%
What object did Indiana Jones search for in "Indiana Jones and the Last Crusade"?The Holy Grail
55%
On what day did the Romans celebrate the winter solstice?December 25
54%
What country named its capital after James Monroe, the fifth U.S. President?Liberia
46%
What are the five sports that have been featured in every modern Summer Olympics?Gymnastics
43%
What does the god Mercury have on his hat?Wings
41%
What are the five sports that have been featured in every modern Summer Olympics?Cycling
34%
What are the five sports that have been featured in every modern Summer Olympics?Fencing
26%

Score Distribution

Percentile by Number Answered

Percent of People with Each Score

Your Score History

You have not taken this quiz since the last reset